000 00833nam a22003017a 4500
001 BR9405349
003 BR-BrBNA
005 20230928094310.0
007 ta
008 230509b bl.||||| |||| 00| 0 por d
040 _aBR-BrBNA
_bpor
_cBiblioteca Nacional de Agricultura
041 _a(Por)
072 _aE11; E12; E16
090 _ E11 BR9405349
110 1 _aSuperintendencia do Desenvolvimento da Regiao Centro-Oeste, Brasilia, DF (Brasil)
_910092
245 1 _aAspectos economicos v. 3
260 3 _aBrasilia, DF (Brasil):
_c1981.
300 _a21 p.
650 _aProduto Interno Bruto
650 _aRenda
650 _aEmprego
650 _aEstrutura Agraria
650 _aExploracao Agricola
650 _aCredito
650 _aRegiao Centro-Oeste
909 _a202309
_bLucia
_c55
_dLucia Elande
942 _cBK
999 _c49923
_d49923